[Event "AUTO-MASTER-3298"]
[Site "http://www.queenalice.com/game.php?id=1870369"]
[Date "2026.3.12"]
[Round "1"]
[White "Fauquinelle"]
[Black "pomar"]
[Result "0-1"]
[WhiteElo "2039"]
[BlackElo "1955"]

1. d4 e6 2. Bf4 d5 3. a3 c5 4. Nc3 Nc6 5. Nb5 Qa5+ 6. Nc3 cxd4 7. b4 Qb6 8. Na2
Nf6 9. e3 e5 10. Bg5 Be7 11. Ne2 dxe3 12. Bxe3 d4 13. Bd2 Bd7 14. Ng3 O-O 15.
Bd3 g6 16. O-O a5 17. b5 Nd8 18. a4 Be6 19. c3 Rc8 20. Qe1 Nd7 21. Ne2 Bxa2 22.
Rxa2 Nc5 23. Bb1 dxc3 24. Nxc3 f6 25. Nd5 Qe6 26. Nxe7+ Qxe7 27. Bxa5 Nde6 28.
Qe3 Qd6 29. Rd2 Nd4 30. Ba2+ Kg7 31. Bb4 Rfd8 32. Rfd1 Qb6 33. Kf1 Nxa4 34. f4
Qxb5+ 35. Kf2 Qxb4 36. fxe5 Nf5 37. exf6+ Kxf6 38. Qe6+ Kg5 39. Rxd8 Rc2+ 40.
Kf3 Qa3+ 41. R8d3 Qxa2 42. Qxa2 Rxa2 43. Rd7 Nh4+ 44. Kg3 Nc3 45. R1d2 Ne4+ 0-1

[Event "AUTO-MASTER-3298"]
[Site "http://www.queenalice.com/game.php?id=1870370"]
[Date "2026.3.12"]
[Round "1"]
[White "pomar"]
[Black "Fauquinelle"]
[Result "1-0"]
[WhiteElo "1974"]
[BlackElo "2012"]

1. f3 e5 2. Kf2 Bc5+ 3. e3 d5 4. d4 exd4 5. exd4 Qh4+ 6. Ke3 Qe7+ 7. Kf2 Bb6 8.
c3 c5 9. Be3 Nc6 10. dxc5 Bxc5 11. Qe1 d4 12. cxd4 Bxd4 13. Nc3 Bxe3+ 14. Qxe3
Qxe3+ 15. Kxe3 Nf6 16. Kf2 O-O 17. Bc4 Bf5 18. Nge2 Rad8 19. Rhd1 Rfe8 20. Ng3
Bg6 21. Nd5 Nxd5 22. Bxd5 Rc8 23. Rac1 Kf8 24. Bxc6 Rxc6 25. Rxc6 bxc6 26. Rd6
Rc8 27. Ne2 f6 28. Nd4 Be8 29. b3 Kf7 30. Nf5 g6 31. Nh6+ Ke7 32. Rd3 f5 33. f4
Kf8 34. Rg3 Kg7 35. Nxf5+ Kf6 36. Nh4 c5 37. Re3 Bf7 38. g4 c4 39. bxc4 Rxc4 40.
Kg3 Rc2 41. a3 a5 42. g5+ Kg7 43. Nf3 a4 44. Nd4 Rd2 45. Nf3 Bc4 46. h4 Rd3 47.
Kf2 Kf7 48. Ne5+ 1-0

[Event "Let's Play Chess!"]
[Site "http://www.queenalice.com/game.php?id=1871624"]
[Date "2026.4.8"]
[Round "-"]
[White "Fauquinelle"]
[Black "alow_proton"]
[Result "1-0"]
[WhiteElo "2016"]
[BlackElo "2043"]

1. d4 d5 2. c4 c6 3. Nf3 Nf6 4. Nc3 e6 5. e3 Be7 6. Qb3 a6 7. Bd3 b5 8. cxd5
cxd5 9. a4 b4 10. Ne2 Nc6 11. O-O Qc7 12. Bd2 Qd6 13. Rac1 O-O 14. Rc2 Bd7 15.
Rfc1 Rfc8 16. Ne5 Nxe5 17. dxe5 Qxe5 18. Rxc8+ Bxc8 19. Rc6 Ne4 20. Be1 Qb8 21.
Qc2 Nf6 22. b3 Bd6 23. Kh1 e5 24. f3 Bd7 25. Rxa6 Rxa6 26. Bxa6 Qb6 27. Bc8 Bxc8
28. Qxc8+ Bf8 29. Bf2 Qc5 30. Qxc5 Bxc5 31. Kg1 Nd7 32. Nc1 Nb6 33. e4 Bxf2+ 34.
Kxf2 g6 35. a5 Nd7 36. exd5 Kf8 37. Nd3 Nc5 38. Nxc5 1-0

[Event "AUTO-MASTER-3301"]
[Site "http://www.queenalice.com/game.php?id=1871814"]
[Date "2026.4.11"]
[Round "1"]
[White "chessman"]
[Black "Fauquinelle"]
[Result "0-1"]
[WhiteElo "2020"]
[BlackElo "1999"]

1. e4 c6 2. Nf3 d5 3. exd5 cxd5 4. Bb5+ Bd7 5. Bxd7+ Qxd7 6. d4 Nf6 7. O-O e6 8.
Ne5 Qc7 9. Nc3 Bd6 10. f4 Nc6 11. Be3 O-O-O 12. a3 Ne4 13. Nb5 Qe7 14. Nxc6 bxc6
15. Nc3 f5 16. Nxe4 fxe4 17. c4 Bc7 18. Qa4 Kd7 19. Qxa7 Ra8 20. Qb7 Rhb8 21.
Qxa8 Rxa8 22. c5 Rf8 23. g3 h6 24. a4 Ra8 25. b4 Qd8 26. Kg2 Qf6 27. a5 g6 28.
h4 Qf5 29. Rh1 Qg4 30. Rhe1 g5 31. hxg5 hxg5 32. Rh1 Qe2+ 0-1

[Event "AUTO-MASTER-3301"]
[Site "http://www.queenalice.com/game.php?id=1871830"]
[Date "2026.4.11"]
[Round "1"]
[White "Fauquinelle"]
[Black "Capixabba789"]
[Result "1/2-1/2"]
[WhiteElo "2036"]
[BlackElo "1925"]

1. d4 d5 2. c4 e6 3. Nc3 Nf6 4. Nf3 Be7 5. Qc2 c5 6. cxd5 cxd4 7. Nxd4 Nxd5 8.
e4 Nf6 9. Be3 O-O 10. Rd1 Qe8 11. Bd3 Bd7 12. f3 Nc6 13. Nxc6 Bxc6 14. O-O Qc8
15. e5 Nd5 16. Nxd5 Bxd5 17. Qxc8 Rfxc8 18. b3 a6 19. Rc1 h6 20. Rf2 Bg5 21. f4
Be7 22. Rfc2 Rxc2 23. Rxc2 b5 24. Bd2 1/2-1/2

[Event "AUTO-MASTER-3301"]
[Site "http://www.queenalice.com/game.php?id=1871831"]
[Date "2026.4.11"]
[Round "1"]
[White "Capixabba789"]
[Black "Fauquinelle"]
[Result "1-0"]
[WhiteElo "1921"]
[BlackElo "2019"]

1. d4 c6 2. e4 d5 3. exd5 cxd5 4. Nc3 Nf6 5. Nf3 a6 6. Bd3 Bg4 7. O-O Nc6 8. Be2
Qc7 9. Be3 e6 10. Ne5 Bxe2 11. Qxe2 Bd6 12. f4 Ne4 13. Nxe4 dxe4 14. c4 Be7 15.
Rad1 Rd8 16. Qc2 f5 17. Qe2 O-O 18. b3 Bb4 19. Nxc6 Qxc6 20. Kh1 Rd7 21. h3 Rfd8
22. c5 Bc3 23. Qc4 Ba5 24. b4 Bc7 25. a3 b5 26. Qb3 a5 27. bxa5 Bxa5 28. Rb1 Rb7
29. Rfd1 Rdd7 30. Qc2 Bc7 31. Qb3 Bd8 32. Qc2 h6 33. Rb4 g5 34. Rdb1 Rb8 35. Qb3
Rdb7 36. fxg5 hxg5 37. Qd1 f4 38. Bg1 Kg7 39. Bh2 e3 40. Qe2 Ba5 41. R4b3 Bc7
42. Qh5 Bd8 43. h4 Qe4 44. hxg5 Qxd4 45. Qh6+ Kf7 46. g6+ Ke8 47. Qh5 Kd7 48.
Rd1 Qxd1+ 49. Qxd1+ 1-0

[Event "AUTO-OPEN-4648"]
[Site "http://www.queenalice.com/game.php?id=1871956"]
[Date "2026.4.15"]
[Round "1"]
[White "Fauquinelle"]
[Black "chessman"]
[Result "1-0"]
[WhiteElo "1978"]
[BlackElo "2005"]

1. d4 d5 2. c4 c6 3. Nc3 Nf6 4. e3 e6 5. Nf3 Be7 6. Qc2 a6 7. Bd3 O-O 8. e4 dxe4
9. Nxe4 Nbd7 10. Be3 Nxe4 11. Bxe4 Nf6 12. O-O Bd7 13. Bd3 Rc8 14. c5 h6 15. b4
Re8 16. Ne5 Bf8 17. f4 Nd5 18. Bd2 Qe7 19. Bh7+ Kh8 20. Bg6 f6 21. Nf7+ Kg8 22.
Nd6 Red8 23. f5 Rb8 24. Rae1 1-0

[Event "AUTO-OPEN-4648"]
[Site "http://www.queenalice.com/game.php?id=1871957"]
[Date "2026.4.15"]
[Round "1"]
[White "chessman"]
[Black "Fauquinelle"]
[Result "1-0"]
[WhiteElo "1989"]
[BlackElo "1994"]

1. e4 c6 2. d4 d5 3. e5 Bf5 4. Bd3 Bxd3 5. Qxd3 e6 6. c4 Be7 7. f4 Nh6 8. Nf3
Nd7 9. O-O Nb6 10. c5 Nd7 11. Nc3 b6 12. Be3 Nf5 13. g4 Nxe3 14. Qxe3 bxc5 15.
Rfd1 Qb6 16. f5 cxd4 17. Nxd4 Bc5 18. Na4 Qb5 19. fxe6 Qxa4 20. exf7+ Kd8 21. e6
Nf6 22. Rac1 Be7 23. Nxc6+ 1-0